000 00365nam a2200157 i 4500
001 bg
245 0 _aFizika luny i planet.
260 _aKiev,
_c1971.
490 1 _aAstrometrija i Astrofizika ;
_v14
830 _aAstrometrija i Astrofizika ;
040 _cBPK
041 _apol
080 _a523.4
942 _cKS
008 s pl f |000 0 pol
999 _c14160
_d14160
856 _uhttp://koha.tu.koszalin.pl/cgi-bin/koha/opac-detail.pl?biblionumber=14160
_yKatalog online BPK